01648nam a2200373 a 4500001001000000003000500010005001700015008004100032010001100073011001100084040000900095090001000104100004800114245025200162260004100414500006000455502007700515590004000592590004000632650002300672650002200695650003300717650002900750650004600779650002000825700004100845856007000886901000700956942001000963942000600973999001900979952014000998952013601138000111803CHAP20220329144229.0150817s2012 mx a fsm |||||||spa d a108264 a109236 cCHAP aTesis1 aGarcía Sánchez, María Antonia912975710aDescripción de variedades de miguelitos (Zinnia sp. Jacq.), con base en la propuesta de guía técnica para la descripción de variedades de Zinnia de la UPOVh[En línea]cpor María Antonia García Sánchez y Patricia Mayorga Spínola. aChapingo, Méx. :bEl autor,c2012. aPara ver el contenido del material haga clic en la liga aTesis (Ing. Agr. Esp. en Fitotecnia) -- UACH. Departamento de Fitotecnia aE5995AHEb05c20150817lUCH01h1254 aE5995AHEb05c20150817lUCH01h125414aAntocianinas9607814aAsteraceae.9817014aCultivosxVariedades.93033214aDesarrollo rural.93206714aPlantas ornamentalesxCrecimiento.98905914aZinnia.91240761 aMayorga Spíndola, Patricia9129758 aFinding aiduhttp://10.13.5.2/tesis/sist111803.pdfzTeclea aquí aBK cTESIS n0 c108264d108264 00102local4053708TESISaBCbBCcPA_TESISd2015-08-17fTESISl0oTesisp33724002507579r2019-12-31 00:00:00tc.2w2019-12-31yTESIS 00104054718TESISaBCbBCd2015-08-17fTESISl0oTesisp33724002507611r2019-12-31 00:00:00w2019-12-31yTESISzRecien adquirido